नौकरशाही का प्रबन्ध : (Record no. 120926)
[ view plain ]
| 000 -LEADER | |
|---|---|
| fixed length control field | 01435nam a22002537a 4500 |
| 005 - DATE AND TIME OF LATEST TRANSACTION | |
| control field | 20170124103205.0 |
| 010 ## - LIBRARY OF CONGRESS CONTROL NUMBER | |
| LC control number | B-137468 |
| 020 ## - INTERNATIONAL STANDARD BOOK NUMBER | |
| Terms of availability | 00.00 |
| International Standard Book Number | 8181691489 |
| 035 ## - SYSTEM CONTROL NUMBER | |
| System control number | B-137468 |
| 037 ## - SOURCE OF ACQUISITION | |
| Source of stock number/acquisition | Cen Lib/Ret |
| 040 ## - CATALOGING SOURCE | |
| Original cataloging agency | DPL |
| Language of cataloging | HN |
| 082 ## - DEWEY DECIMAL CLASSIFICATION NUMBER | |
| Classification number | 352.630954 |
| Item number | जैनसु |
| 100 ## - MAIN ENTRY--PERSONAL NAME | |
| Personal name | जैन, सुरेश चन्द्र |
| 9 (RLIN) | 47448 |
| 245 ## - TITLE STATEMENT | |
| Title | नौकरशाही का प्रबन्ध : |
| Statement of responsibility, etc | सुरेश चन्द्र जैन |
| Remainder of title | आर्थिक सुधारों एवं ग्रामीण विकास के लिए पुनर्गठन / |
| 246 ## - VARYING FORM OF TITLE | |
| Title proper/short title | Naukarshahi ka prabandh : arthik sidharon ewam grameen vikas ke liye punargathan / |
| Remainder of title | by Suresh Chandra Jain |
| 260 ## - PUBLICATION, DISTRIBUTION, ETC. (IMPRINT) | |
| Place of publication, distribution, etc | नई दिल्ली |
| Name of publisher, distributor, etc | कन्सेप्ट पब्लिशिंग कम्पनी |
| Date of publication, distribution, etc | 2005 |
| 270 ## - ADDRESS | |
| City | नई दिल्ली |
| Address | A/15-16, कमर्शियल ब्लाक, मोहन गार्डन |
| Postal code | 110059 |
| 300 ## - PHYSICAL DESCRIPTION | |
| Extent | 535पृ. |
| Dimensions | 20सेमी(सजिल्द) |
| 650 ## - SUBJECT ADDED ENTRY--TOPICAL TERM | |
| Topical term or geographic name as entry element | ग्रामीण विकास -- नौकरशाही के कार्यक्रम |
| 9 (RLIN) | 93422 |
| 650 ## - SUBJECT ADDED ENTRY--TOPICAL TERM | |
| Topical term or geographic name as entry element | नौकरशाही की प्रक्रियाएँ |
| 9 (RLIN) | 43309 |
| 650 ## - SUBJECT ADDED ENTRY--TOPICAL TERM | |
| Topical term or geographic name as entry element | Rural Development - bureaucratic program |
| 9 (RLIN) | 93423 |
| 650 ## - SUBJECT ADDED ENTRY--TOPICAL TERM | |
| Topical term or geographic name as entry element | Bureaucratic procedures |
| 9 (RLIN) | 93424 |
| 942 ## - ADDED ENTRY ELEMENTS (KOHA) | |
| Source of classification or shelving scheme | Dewey Decimal Classification |
| Koha item type | Hindi Books |
| Classification part | 352.630954 |
| Call number suffix | जैनसु |
| Withdrawn status | Lost status | Damaged status | Not for loan | Home library | Current library | Date acquired | Source of acquisition | Cost, normal purchase price | Total Checkouts | Full call number | Barcode | Date last seen | Date checked out | Copy number | Cost, replacement price | Price effective from | Koha item type |
|---|---|---|---|---|---|---|---|---|---|---|---|---|---|---|---|---|---|
| Central Library | Central Library | 29/09/2015 | Cen Lib/Ret | 0.00 | 2 | 352.630954 जैनसु | B-137468 | 14/05/2019 | 13/05/2019 | 1 | 0.00 | 29/09/2015 | Hindi Books |
